[Event "Titled Tuesday intern op 04th Jun Early"]
[Site "Chess.com INT"]
[Date "2024.06.04"]
[Round "3"]
[White "Provaznik, Michal"]
[Black "Ocelak, Jakub"]
[Result "0-1"]
[WhiteElo "2081"]
[BlackElo "2206"]
[PlyCount "70"]
[EventDate "2024.06.04"]
[EventType "swiss (blitz)"]
[EventRounds "11"]
[EventCountry "USA"]
[SourceTitle "EXT 2025"]
[Source "ChessBase"]
[SourceDate "2024.10.14"]
[SourceVersion "1"]
[SourceVersionDate "2024.10.14"]
[SourceQuality "1"]

1. e4 g6 2. d4 Bg7 3. Nc3 d6 4. Nf3 a6 5. h3 b5 6. a3 Bb7 7. Be3 Nd7 8. Bd3 Rc8 9. Qd2 c5 10. d5 Ngf6 11. 0-0 0-0 12. Ne2 c4 13. Ng3 cxd3 14. cxd3 Nc5 15. Bh6 Nb3 16. Qg5 Nxa1 17. Bxg7 Kxg7 18. Rxa1 e6 19. Nh4 Kh8 20. Nf3 Nxd5 21. exd5 Qxg5 22. Nxg5 Bxd5 23. h4 Rc2 24. h5 Kg7 25. Nh3 Rfc8 26. Kh2 Rc1 27. Rxc1 Rxc1 28. Nf4 Bc6 29. d4 Rc2 30. Nd3 a5 31. b4 a4 32. Nf1 Rc3 33. Nf4 Rxa3 34. Ne3 Rxe3 35. fxe3 a3 0-1

[Event "Titled Tuesday intern op 04th Jun Early"]
[Site "Chess.com INT"]
[Date "2024.06.04"]
[Round "5"]
[White "Viskelis, Darius"]
[Black "Provaznik, Michal"]
[Result "0-1"]
[WhiteElo "2167"]
[BlackElo "2081"]
[PlyCount "108"]
[EventDate "2024.06.04"]
[EventType "swiss (blitz)"]
[EventRounds "11"]
[EventCountry "USA"]
[SourceTitle "EXT 2025"]
[Source "ChessBase"]
[SourceDate "2024.10.14"]
[SourceVersion "1"]
[SourceVersionDate "2024.10.14"]
[SourceQuality "1"]

1. e4 c5 2. Nf3 Nc6 3. Bb5 Nd4 4. Nxd4 cxd4 5. Bc4 e6 6. 0-0 a6 7. a4 Ne7 8. d3 Ng6 9. f4 Qh4 10. Nd2 b6 11. Nf3 Qh5 12. Nxd4 Qxd1 13. Rxd1 Bc5 14. c3 a5 15. Kh1 Bb7 16. Nb5 0-0 17. d4 Be7 18. Bd3 f5 19. exf5 Nh4 20. Rg1 Nxf5 21. Bd2 Rf6 22. h3 Rh6 23. Kh2 Rf8 24. Bxf5 exf5 25. Rae1 Be4 26. c4 Bh4 27. g3 Bd8 28. Nc3 Bf3 29. Re3 Bg4 30. h4 g5 31. fxg5 Bxg5 32. Rd3 Bxd2 33. Rxd2 Re8 34. Nd5 Rhe6 35. Rf1 Kg7 36. Rff2 h5 37. b4 axb4 38. Nxb4 Re1 39. Nd3 Ra1 40. Ne5 Rxa4 41. Ra2 Rxa2 42. Rxa2 d6 43. Nxg4 fxg4 44. Rb2 Re4 45. Rxb6 Rxd4 46. Rb5 Kg6 47. Rb6 Kf7 48. Kg2 Ke6 49. Rb5 Rd2+ 50. Kf1 d5 51. cxd5+ Rxd5 52. Rb6+ Ke5 53. Rh6 Ke4 54. Rg6 Kf3 0-1

[Event "Titled Tuesday intern op 14th May Early"]
[Site "Chess.com INT"]
[Date "2024.05.14"]
[Round "1"]
[White "Provaznik, Michal"]
[Black "Camacho Collados, Jose"]
[Result "0-1"]
[WhiteElo "2081"]
[BlackElo "2366"]
[PlyCount "68"]
[EventDate "2024.05.14"]
[EventType "swiss (blitz)"]
[EventRounds "11"]
[EventCountry "USA"]
[SourceTitle "EXT 2025"]
[Source "ChessBase"]
[SourceDate "2024.10.14"]
[SourceVersion "1"]
[SourceVersionDate "2024.10.14"]
[SourceQuality "1"]

1. b3 e5 2. Bb2 Nc6 3. g3 d5 4. Bg2 Nf6 5. e3 Bd6 6. Ne2 h6 7. 0-0 Be6 8. f4 Qd7 9. Nbc3 d4 10. Nb5 0-0 11. fxe5 Bxe5 12. Nf4 dxe3 13. Bxe5 Nxe5 14. Nxe6 fxe6 15. Nc3 Qxd2 16. Qxd2 exd2 17. Rad1 Rad8 18. Rf2 c6 19. Rfxd2 Rxd2 20. Rxd2 Nd5 21. Ne4 Ng4 22. Bh3 h5 23. Nc5 e5 24. Nxb7 e4 25. Bxg4 hxg4 26. Nd6 Nc3 27. Nc4 Rf3 28. Ne5 e3 29. Rd8+ Kh7 30. Nd3 Nxa2 31. Re8 Nc3 32. Ne1 Ne2+ 33. Kh1 Rf1+ 34. Kg2 Rg1# 0-1

[Event "Titled Tuesday intern op 09th Apr Early"]
[Site "Chess.com INT"]
[Date "2024.04.09"]
[Round "3"]
[White "Ljukin, Sergei"]
[Black "Provaznik, Michal"]
[Result "1-0"]
[WhiteElo "2362"]
[BlackElo "2085"]
[PlyCount "43"]
[EventDate "2024.04.09"]
[EventType "swiss (blitz)"]
[EventRounds "11"]
[EventCountry "USA"]
[SourceTitle "EXT 2025"]
[Source "ChessBase"]
[SourceDate "2024.10.14"]
[SourceVersion "1"]
[SourceVersionDate "2024.10.14"]
[SourceQuality "1"]

1. e4 c5 2. Nf3 e6 3. d4 cxd4 4. Nxd4 Nc6 5. Nc3 Nf6 6. Nxc6 bxc6 7. e5 Nd5 8. Ne4 Qc7 9. f4 f5 10. exf6 Nxf6 11. Nxf6+ gxf6 12. Qh5+ Kd8 13. Be2 Rb8 14. 0-0 Rb4 15. c3 Re4 16. Bd3 Qb6+ 17. Kh1 Qf2 18. Qd1 Qh4 19. Bxe4 Rg8 20. Be3 Bh6 21. Rf3 d5 22. Rh3 1-0

[Event "Titled Tuesday intern op 20th Feb Late"]
[Site "Chess.com INT"]
[Date "2024.02.20"]
[Round "5"]
[White "Munoz, Francisco Javier"]
[Black "Provaznik, Michal"]
[Result "1-0"]
[WhiteElo "2389"]
[BlackElo "2076"]
[PlyCount "75"]
[EventDate "2024.02.20"]
[EventType "swiss (blitz)"]
[EventRounds "11"]
[EventCountry "USA"]
[SourceTitle "EXT 2025"]
[Source "ChessBase"]
[SourceDate "2024.10.14"]
[SourceVersion "1"]
[SourceVersionDate "2024.10.14"]
[SourceQuality "1"]

1. e4 c5 2. Nc3 Nc6 3. Bb5 Nd4 4. Bd3 e5 5. Nf3 d6 6. Nxd4 cxd4 7. Nd5 Ne7 8. Nxe7 Bxe7 9. c3 0-0 10. cxd4 exd4 11. 0-0 f5 12. exf5 Bxf5 13. Bxf5 Rxf5 14. Qb3+ Kh8 15. Qxb7 d3 16. Qe4 Qf8 17. b3 d5 18. Qxd3 Bc5 19. Bb2 Rxf2 20. Kh1 Re8 21. b4 Bb6 22. Rac1 h6 23. h3 Qf7 24. a4 Rf8 25. Rxf2 Qxf2 26. a5 Bd8 27. Qg6 Bf6 28. Bxf6 Qxf6 29. Qxf6 Rxf6 30. Rc7 Rf4 31. Rb7 Rd4 32. Kg1 a6 33. Rb6 Rxd2 34. Rxa6 Rb2 35. Rb6 d4 36. a6 d3 37. a7 d2 38. a8Q+ 1-0

[Event "Titled Tuesday intern op 20th Feb Late"]
[Site "Chess.com INT"]
[Date "2024.02.20"]
[Round "8"]
[White "Provaznik, Michal"]
[Black "Gonzalez Castillo, Jose Javier"]
[Result "0-1"]
[WhiteElo "2076"]
[BlackElo "2176"]
[PlyCount "70"]
[EventDate "2024.02.20"]
[EventType "swiss (blitz)"]
[EventRounds "11"]
[EventCountry "USA"]
[SourceTitle "EXT 2025"]
[Source "ChessBase"]
[SourceDate "2024.10.14"]
[SourceVersion "1"]
[SourceVersionDate "2024.10.14"]
[SourceQuality "1"]

1. e4 g6 2. d4 Bg7 3. Nf3 c6 4. h3 d5 5. e5 f6 6. Bd3 Nd7 7. Qe2 fxe5 8. dxe5 e6 9. 0-0 Nh6 10. Nd4 Qe7 11. Bxh6 Bxh6 12. c4 0-0 13. Nc3 Bf4 14. Nf3 Qg7 15. Rfe1 a6 16. Rad1 Nc5 17. Bc2 b5 18. b4 Nd7 19. c5 a5 20. a3 Qf7 21. h4 axb4 22. axb4 Ra3 23. Rd3 Nxe5 24. Nxe5 Bxe5 25. Qxe5 Qxf2+ 26. Kh2 Qxc2 27. Ree3 Rf2 28. Rg3 Ra1 29. h5 Rf5 30. Qc7 Rxh5+ 31. Rh3 Rxh3+ 32. Rxh3 Qf5 33. Qxc8+ Qf8 34. Qxe6+ Qf7 35. Qxc6 Qf4+ 0-1

[Event "Titled Tuesday intern op 20th Feb Early"]
[Site "Chess.com INT"]
[Date "2024.02.20"]
[Round "3"]
[White "Provaznik, Michal"]
[Black "Jimenez Almeida, Luis David"]
[Result "0-1"]
[WhiteElo "2076"]
[BlackElo "2208"]
[PlyCount "106"]
[EventDate "2024.02.20"]
[EventType "swiss (blitz)"]
[EventRounds "11"]
[EventCountry "USA"]
[SourceTitle "EXT 2025"]
[Source "ChessBase"]
[SourceDate "2024.10.14"]
[SourceVersion "1"]
[SourceVersionDate "2024.10.14"]
[SourceQuality "1"]

1. e4 g6 2. d4 Bg7 3. Nf3 d6 4. Bc4 e6 5. 0-0 a6 6. h3 Ne7 7. a4 b6 8. Nc3 Bb7 9. Re1 Nd7 10. Be3 h6 11. Qd2 g5 12. Nh2 Ng6 13. Rad1 Nf6 14. f3 0-0 15. Ng4 Nh5 16. Ne2 d5 17. Bd3 dxe4 18. Bxe4 Bxe4 19. fxe4 f5 20. exf5 exf5 21. Nh2 Kh7 22. Qd3 Qd6 23. Rf1 f4 24. Bf2 Rae8 25. c3 Qd7 26. Rde1 Qxa4 27. Nc1 Qb5 28. Qc2 Qd5 29. Nd3 Qf5 30. g4 fxg3 31. Bxg3 Rxe1 32. Bxe1 Qxh3 33. Rxf8 Bxf8 34. Ne5 Nhf4 35. Nhf3 Bd6 36. Nxg6 Nxg6 37. Qe4 Qd7 38. Bd2 Kg7 39. Bxg5 hxg5 40. Nxg5 Qe7 41. Qf5 Qe1+ 42. Kg2 Qg3+ 43. Kf1 Qf4+ 44. Qxf4 Nxf4 45. Ne6+ Kf6 46. Nxf4 Bxf4 47. Ke2 Bc1 48. b3 Bf4 49. Kd3 Ke6 50. c4 Kd6 51. b4 b5 52. cxb5 axb5 53. Ke4 Bh6 0-1

[Event "Titled Tuesday intern op 20th Feb Late"]
[Site "Chess.com INT"]
[Date "2024.02.20"]
[Round "2"]
[White "Provaznik, Michal"]
[Black "Spata, German"]
[Result "1/2-1/2"]
[WhiteElo "2076"]
[BlackElo "2399"]
[PlyCount "129"]
[EventDate "2024.02.20"]
[EventType "swiss (blitz)"]
[EventRounds "11"]
[EventCountry "USA"]
[SourceTitle "EXT 2025"]
[Source "ChessBase"]
[SourceDate "2024.10.14"]
[SourceVersion "1"]
[SourceVersionDate "2024.10.14"]
[SourceQuality "1"]

1. e4 e6 2. d4 d5 3. Nc3 Bb4 4. e5 Qd7 5. a3 Bxc3+ 6. bxc3 Ne7 7. Nf3 b6 8. Be2 Ba6 9. h4 h6 10. Rh3 Bxe2 11. Qxe2 Nbc6 12. g4 0-0-0 13. a4 Na5 14. Nd2 Ng6 15. Nb3 Nc4 16. h5 Ne7 17. a5 Kb7 18. Nd2 Qc6 19. Nxc4 Qxc4 20. Qxc4 dxc4 21. Ba3 Nd5 22. Kd2 f6 23. Re1 c5 24. exf6 Nxf6 25. Rxe6 cxd4 26. cxd4 Rxd4+ 27. Kc3 Rhd8 28. f3 R8d7 29. axb6 axb6 30. Bf8 Rd1 31. Bxg7 Nd5+ 32. Kxc4 Nf4 33. Bxh6 Nxe6 34. Be3 Rc7+ 35. Kb3 Rb1+ 36. Ka2 Rb5 37. Rh2 Kc6 38. Bc1 Ra7+ 39. Ba3 Rba5 40. h6 Rxa3+ 41. Kb2 Ra2+ 42. Kc1 Ng5 43. f4 Ne4 44. h7 Ra1+ 45. Kb2 R7a2+ 46. Kb3 Ra3+ 47. Kb2 R3a2+ 48. Kb3 Ra3+ 49. Kb2 R1a2+ 50. Kb1 Ra8 51. h8Q Rxh8 52. Rxh8 Nc3+ 53. Kc1 Ra4 54. Rf8 Rxf4 55. Rc8+ Kb5 56. Rxc3 Rxg4 57. Rb3+ Rb4 58. Kb2 Rxb3+ 59. Kxb3 Kc5 60. Kc3 Kb5 61. Kb3 Kc5 62. Kc3 b5 63. Kb3 b4 64. c3 bxc3 65. Kxc3 1/2-1/2

[Event "Titled Tuesday intern op 20th Feb Early"]
[Site "Chess.com INT"]
[Date "2024.02.20"]
[Round "6"]
[White "Provaznik, Michal"]
[Black "Zaichenko, Daria"]
[Result "0-1"]
[WhiteElo "2076"]
[BlackElo "2104"]
[PlyCount "80"]
[EventDate "2024.02.20"]
[EventType "swiss (blitz)"]
[EventRounds "11"]
[EventCountry "USA"]
[SourceTitle "EXT 2025"]
[Source "ChessBase"]
[SourceDate "2024.10.14"]
[SourceVersion "1"]
[SourceVersionDate "2024.10.14"]
[SourceQuality "1"]

1. e4 c5 2. Nf3 Nc6 3. Nc3 g6 4. Bb5 Bg7 5. Bxc6 dxc6 6. 0-0 e5 7. d3 b6 8. a4 a5 9. Be3 Qc7 10. h3 Nf6 11. Qd2 0-0 12. Bh6 Nd7 13. Bxg7 Kxg7 14. Nh4 Re8 15. Qg5 Nf8 16. Ne2 h6 17. Qg3 g5 18. Nf5+ Bxf5 19. exf5 f6 20. Qg4 Nd7 21. Ng3 Qd6 22. Rae1 b5 23. Re4 Qd5 24. h4 Rh8 25. Rfe1 Qf7 26. Nh5+ Kf8 27. g3 Nb6 28. axb5 cxb5 29. Kg2 Nd5 30. f4 gxf4 31. Qg6 Ne3+ 32. Kf3 Nxc2 33. Rc1 Nd4+ 34. Kg2 Qxg6 35. fxg6 Ke7 36. gxf4 Kd6 37. Nxf6 exf4 38. Rxf4 Ne6 39. Rf5 Rhf8 40. Ne4+ Kc6 0-1